000 02566nam0a2200325 i 4500
001 RU\NLR\BIBL_A\011311817
005 20240921204023.0
010 _a9785912460678
_932
021 _aRU
_b2016-97196
_96446
035 _a(NLR Aleph) 011311817
090 _a11025576
_c11025576
100 _a20170118d2016 km y0rusy50 ca
101 0 _arus
102 _aRU
105 _ay|||z|||100zy
200 1 _aИстория Великой Победы. История уголовно-исполнительной системы России: взгляд курсанта
_eсборник материалов курсантских научно-практических конференций (["История уголовно-исполнительной системы России"], 22-24 марта 2016 г., ["История Великой Победы"], 20-22 апреля 2016 г.)
210 _aНовокузнецк
_cОрганизационно-научное и редакционно-издательское отделение ФКОУ ВПО Кубасский институт ФСИН России
_d2016
215 _a173 с.
_d20
300 _aВ надзаг.: Федер. казен. образоват. учреждение высш. образования "Кузбас. ин-т Федер. службы исполнения наказаний"
320 _aБиблиогр. в конце ст. и в подстроч. примеч.
517 1 _aИстория уголовно-исполнительной системы России: взгляд курсанта
606 1 _aУголовно-исполнительная система
_jСъезды, совещания и т.п
_xИстория
_yСССР
_z1941 - 1945
_92420145
_3RU\NLR\AUTH\661441320
686 1 _aХ628.4-1я431
711 1 2 _a"История уголовно-исполнительной системы России", научно-практическая конференция курсантов вузов ФСИН России
_eНовокузнецк
_f2016
_9545603
_3RU\NLR\AUTH\880440723
711 1 2 _a"История Великой Победы", научно-практическая конференция курсантов вузов ФСИН России
_eНовокузнецк
_f2016
_9545605
_3RU\NLR\AUTH\880440724
942 _cBOOK
980 _aNBR